Movies Quiz

Random Movies or Actor Quiz
Score 0/55 Timer 07:00
5 Plays Today
% Correct
Dances with Wolves
87.4%
Pretty Woman
87%
Big Daddy
85.7%
The Dark Knight
84.6%
Apollo 13
83.6%
The Waterboy
83.3%
The Bodyguard
82.5%
Brokeback Mountain
82.1%
A Knight's Tale
80.3%
An Officer and a Gentleman
80.1%
Grown Ups
80%
Walk the Line
79%
True Grit (2010)
77.9%
Robin Hood: Prince of Thieves
77.9%
Click
77.7%
Guardians of the Galaxy
77%
The Theory of Everything
75.5%
10 Things I Hate About You
74.7%
The Flintstones
74.7%
Runaway Bride
74.5%
A Few Good Men
74.4%
Fantastic Beasts and Where to Find Them
73.1%
Chicago
71.7%
Gladiator
71.5%
The Godfather
70.8%
Jurassic World
69.8%
The Longest Yard (2005)
68.3%
Mystic River
67.3%
% Correct
Tron Legacy
65.4%
Signs
63.7%
The Patriot
60.4%
Guardians of the Galaxy Vol 2
59.9%
Joker
56.2%
Argo
52.5%
Passengers
51.5%
Les Misérables (2012)
48.8%
Iron Man
47%
Fantastic Beasts: The Crimes of Grindelwald
43.5%
Hidden Figures
43.5%
X-Men: First Class
43.3%
Shall We Dance
42.3%
King Kong (1976)
41.1%
Seabiscuit
40.5%
Jupiter Ascending
39.3%
Deep Impact
38.2%
Man of Steel
37.5%
Gone in 60 Seconds
36.2%
Jurassic World: Fallen Kingdom
35.7%
Crazy, Stupid, Love.
35.6%
The Hangover Part III
31.3%
Flight
30.3%
Four Christmases
28.2%
Phenomenon
27.3%
Evan Almighty
26.2%
Parenthood
22.3%
Remove Ads.
Support Sporcle.
Get the best of Sporcle when you Go Orange. This ad-free experience offers more features, more stats, and more fun while also helping to support Sporcle. Thank you for becoming a member.

You're not logged in!

Compare scores with friends on all Sporcle quizzes.
OR
Log In

Show Comments

Extras

Top Quizzes Today


Score Distribution

Your Account Isn't Verified!

In order to create a playlist on Sporcle, you need to verify the email address you used during registration. Go to your Sporcle Settings to finish the process.

Report this User

Report this user for behavior that violates our Community Guidelines.

Details: